[Event "Rohde op 04th"]
[Site "Sautron "]
[Date "2004.10.31"]
[Round "9"]
[White "Fantin, Ludwig"]
[Black "Prodhomme, Boris"]
[Result "1-0"]
[WhiteElo "2175"]
[BlackElo "2005"]
[PlyCount "111"]
[EventDate "2004.10.23"]
[EventType "swiss"]
[EventRounds "9"]
[EventCountry "FRA"]
[SourceTitle "EXT 2006"]
[Source "ChessBase"]
[SourceDate "2005.11.24"]
[SourceVersion "1"]
[SourceVersionDate "2005.11.24"]
[SourceQuality "1"]

1. e4 c5 2. c3 Nf6 3. e5 Nd5 4. Nf3 Nc6 5. Bc4 Nb6 6. Bb3 c4 7. Bc2 Qc7 8. Qe2 g5 9. h3 Bg7 10. 0-0 Nxe5 11. Nxg5 Nd5 12. Na3 Bh6 13. d4 cxd3 14. Bxd3 Nxd3 15. Qxd3 Nf4 16. Nb5 Qe5 17. Bxf4 Qxf4 18. Ne4 a6 19. Qd4 Rg8 20. Rfe1 Kf8 21. Na7 Bg7 22. Qb6 Be5 23. g3 Bc7 24. Qd4 Qe5 25. Nxc8 Qxd4 26. cxd4 Rxc8 27. Rac1 Kg7 28. Nc5 Ba5 29. Rxe7 d6 30. Nb3 Rxc1+ 31. Nxc1 Rc8 32. Nb3 Rc7 33. Rxc7 Bxc7 34. f4 Kf6 35. Kf2 h5 36. Ke3 Ke6 37. Nd2 f5 38. Kd3 Kd5 39. Nc4 b5 40. Ne3+ Ke6 41. d5+ Kf6 42. Ke2 Bb6 43. Kf3 Bd4 44. b3 Bb6 45. Nc2 Bc5 46. Ne1 Bb6 47. Nd3 Bc5 48. g4 fxg4+ 49. hxg4 hxg4+ 50. Kxg4 Ba3 51. f5 a5 52. Kf4 Kg7 53. Kg5 Kf7 54. f6 Bc5 55. Nxc5 dxc5 56. d6 1-0

[Event "FRA-ch opB"]
[Site "Val d'Isere"]
[Date "2004.08.??"]
[Round "4"]
[White "Marie, Laurent"]
[Black "Prodhomme, Boris"]
[Result "0-1"]
[WhiteElo "1944"]
[BlackElo "1870"]
[PlyCount "60"]
[EventDate "2004.08.16"]
[EventType "swiss"]
[EventRounds "9"]
[EventCountry "FRA"]
[SourceTitle "EXT 2005"]
[Source "ChessBase"]
[SourceDate "2004.11.15"]
[SourceVersion "1"]
[SourceVersionDate "2004.11.15"]
[SourceQuality "1"]

1. e4 c5 2. d3 d6 3. g3 g6 4. Bg2 Bg7 5. f4 Nc6 6. Nf3 e6 7. 0-0 Nge7 8. c3 0-0 9. Be3 Rb8 10. Bf2 b6 11. Re1 Bb7 12. Na3 b5 13. e5 Ba6 14. Nc2 b4 15. c4 dxe5 16. fxe5 Qa5 17. h4 Rfd8 18. Qe2 Rd7 19. g4 Rbd8 20. Red1 Bb7 21. h5 gxh5 22. gxh5 Nf5 23. Bh3 Nce7 24. Nh4 Qc7 25. Nxf5 Nxf5 26. Bxf5 exf5 27. e6 Qc6 28. exf7+ Kxf7 29. Be3 Be5 30. Rf1 Rg8+ 0-1